| 000 | 00644nam a2200217 a 4500 | ||
|---|---|---|---|
| 005 | 20250701063842.0 | ||
| 008 | 170210s2011 mx r 000 0 spa d | ||
| 020 | _a9786071709820 | ||
| 035 | _aUPN01000215902 | ||
| 049 | _aCG | ||
| 050 | 4 |
_aTD388 _bG4.2 |
|
| 100 | 1 |
_aGeissler, Gunther _940656 |
|
| 245 | 1 | 3 |
_aEl agua : _bcomo un recurso natural renovable / _cGunther Geissler, Maribel Arroyo. |
| 260 |
_aMéxico : _bTrillas, _cc2011. |
||
| 300 |
_a218 p. : _bil., tablas |
||
| 650 | 2 |
_aAgua _xConservación _91024 |
|
| 650 | 4 |
_aAbastecimiento de agua _92212 |
|
| 700 | 1 |
_aArroyo, Maribel, _ecoaut. |
|
| 905 | _aLibro | ||
| 999 |
_c188002 _d188002 |
||